| 000 | 01162cam a2200289 a 4500 | ||
|---|---|---|---|
| 999 |
_c8785 _d8785 |
||
| 001 | 13080793 | ||
| 003 | GBCCL | ||
| 005 | 20241126110658.0 | ||
| 008 | 030204s2003 miua b 001 0 eng | ||
| 010 | _a 2003043656 | ||
| 020 | _a0801026474 (pbk.) | ||
| 040 |
_aDLC _cDLC _dDLC |
||
| 050 | 0 | 0 |
_aBV2063 _b.L434 2003 |
| 082 | 0 | 0 |
_a266.001 _221 _bLIN |
| 100 | 1 |
_aLingenfelter, Sherwood G. _915445 |
|
| 245 | 1 | 0 |
_aMinistering cross-culturally : _ban incarnational model for personal relationships / _cSherwood G. Lingenfelter and Marvin K. Mayers. |
| 250 | _a2nd ed. | ||
| 260 |
_aGrand Rapids, Mich. : _bBaker Academic, _cc2003. |
||
| 300 |
_a128 p. : _bill. ; _c22 cm. |
||
| 504 | _aIncludes bibliographical references (p. 123-124) and index. | ||
| 650 | 0 |
_aMissions _xAnthropological aspects. _92221 |
|
| 650 | 0 |
_aIntercultural communication _xReligious aspects _xChristianity. _91960 |
|
| 700 | 1 |
_aMayers, Marvin Keene, _d1927- _96009 |
|
| 906 |
_a7 _bcbc _corignew _d1 _eocip _f20 _gy-gencatlg |
||
| 942 |
_2ddc _cBK _02 |
||